Statystyki dla 50 największych państw świata - w kolejności

Kliknij tutaj aby rozwiązać quiz!

Ogólne statystyki

  • Ten quiz został rozwiązany 5 478 razy
  • Średni wynik to 19 z 50

Statystyki odpowiedzi

PowierzchniaKraj% Poprawnych
17 098 242RRosja
100%
9 640 821CChiny
97%
9 984 670KKanada
97%
9 526 468SStany Zjednoczone
90%
8 514 877BBrazylia
90%
3 287 590IIndie
82%
7 692 024AAustralia
80%
2 780 400AArgentyna
74%
2 724 900KKazachstan
66%
1 904 569IIndonezja
55%
2 381 741AAlgieria
54%
2 344 858DDemokratyczna Republika Konga
51%
1 964 375MMeksyk
51%
1 648 195IIran
46%
1 759 540LLibia
45%
2 149 690AArabia Saudyjska
44%
1 564 110MMongolia
42%
1 886 068SSudan
37%
1 267 000NNiger
37%
1 285 216PPeru
36%
1 284 000CCzad
34%
640 679FFrancja
34%
1 104 300EEtiopia
33%
603 500UUkraina
31%
783 562TTurcja
29%
1 221 037RRepublika Południowej Afryki
28%
1 246 700AAngola
27%
1 141 748KKolumbia
27%
916 445WWenezuela
26%
1 240 192MMali
25%
1 002 450EEgipt
24%
881 912PPakistan
24%
923 768NNigeria
23%
1 098 581BBoliwia
22%
945 087TTanzania
22%
527 968JJemen
22%
752 612ZZambia
22%
1 030 700MMauretania
20%
756 102CChile
17%
513 120TTajlandia
17%
825 615NNamibia
15%
652 230AAfganistan
14%
801 590MMozambik
12%
587 041MMadagaskar
10%
676 578MMjanma
9%
637 657SSomalia
9%
580 367KKenia
9%
581 730BBotswana
8%
619 745SSudan Południowy
7%
622 984RRepublika Środkowoafrykańska
6%

Rozkład punktacji

Percentyl według liczby udzielonych odpowiedzi

Procent ludzi z każdym wynikiem

Twoja historia wyników

Nie rozwiązałeś tego quizu